| 000 | 00883cam a22002771 4500 | ||
|---|---|---|---|
| 001 | 26909 | ||
| 003 | BD-RjUL | ||
| 005 | 20211209051102.0 | ||
| 008 | 140324s1968 enk b 001 0 eng | ||
| 035 | _a(BD-RjUL)26980 | ||
| 040 |
_aDLC _cDLC _dDLC _dBD-RjUL _beng |
||
| 041 | _aeng | ||
| 082 | 0 | 0 |
_a954.9 _bSAP 1968 |
| 100 | 1 |
_aSayeed, Khalid B. _982710 |
|
| 245 | 1 | 0 |
_aPakistan, the formative phase, 1857-1948 / _cby Khalid B. Sayeed; with a foreword by George Cunningham. |
| 250 | _a2nd ed. | ||
| 260 |
_aLondon : _aNew York [etc.] ; _bOxford University Press, _cc1968. |
||
| 300 |
_aix, 341 p. ; _c23 cm. |
||
| 504 | _aBibliography: p. 308-316 & Includes Index. | ||
| 650 | 0 |
_aMuslims _zIndia. _982711 |
|
| 651 | 0 |
_aPakistan _xHistory. _982712 |
|
| 651 | 0 |
_aPakistan _xPolitics and government. _982713 |
|
| 942 |
_2ddc _cBK |
||
| 999 |
_c26909 _d26909 |
||